Online Catalogue and eLibrary

Niruwath wanaraya (Record no. 1024)

MARC details
000 -LEADER
fixed length control field 00409nam a2200169Ia 4500
005 - DATE AND TIME OF LATEST TRANSACTION
control field 20250519024949.0
008 - FIXED-LENGTH DATA ELEMENTS--GENERAL INFORMATION
fixed length control field 240331s9999 xx 000 0 und d
020 ## - INTERNATIONAL STANDARD BOOK NUMBER
ISBN 9559529064
082 ## - DDC Classification
Class No. 301
Item Number - Author Mark MOR
100 ## - MAIN ENTRY--PERSONAL NAME
Personal name Moris, D
245 #0 - TITLE STATEMENT
Title Niruwath wanaraya
250 ## - EDITION STATEMENT
Edition statement 4th
260 ## - PUBLICATION, DISTRIBUTION, ETC.
Place of publication, distribution, etc. Nugegoda
Name of publisher, distributor, etc. Nawa Withya Publishers
Date of publication, distribution, etc. 1994
300 ## - PHYSICAL DESCRIPTION
Extent (e.g. Volumes, Pages etc.) 266 p .,
500 ## - GENERAL NOTE
General note Translation of The Naked Ape
942 ## - Koha item type (Biblio)
Koha item type Books in Stacks (Lending)
Holdings
Lost status Damaged status Collection code Home library Current library Shelving location Date acquired Full call number Accession Number Item type
    Lending WERC Library WERC Library Social Science Cupboard 03/31/2024 301 MOR 2323 Books in Stacks (Lending)

© WERC Library